| 000 | 00365cam a2200133ua 4500 | ||
|---|---|---|---|
| 041 |
_aeng _h |
||
| 082 |
_a690 _bFOS/MI |
||
| 100 | _aFoster, Strand . | ||
| 245 |
_aMitchell`s advanced building construction / _cStand Foster. _hTextual Documents |
||
| 260 |
_aMumbai : _bAllied Publishers Pvt Ltd , _c1963. |
||
| 300 | _a580 ; . | ||
| 942 | _cBK | ||
| 999 |
_c9666 _d9666 |
||